<?xml version="1.0" encoding="UTF-8"?>
<collection xmlns="http://www.loc.gov/MARC21/slim">
 <record>
  <leader>01290pmm a22003618a 4500</leader>
  <controlfield tag="001">00032938</controlfield>
  <controlfield tag="005">20171026081025.0</controlfield>
  <controlfield tag="008">141226s2014                  ||||||viesd</controlfield>
  <datafield tag="041" ind1="0" ind2="#">
   <subfield code="a">vie</subfield>
  </datafield>
  <datafield tag="082" ind1="1" ind2="4">
   <subfield code="a">428</subfield>
   <subfield code="b">L431N</subfield>
  </datafield>
  <datafield tag="245" ind1="1" ind2="0">
   <subfield code="h">nguồn liệu điện tử]</subfield>
   <subfield code="a">Longman new real TOEIC actual tests for listening comprehension</subfield>
  </datafield>
  <datafield tag="260" ind1="#" ind2="#">
   <subfield code="a">T.P. Hồ Chí Minh</subfield>
   <subfield code="b">Tổng hợp T.P. Hồ Chí Minh, Công ty TNHH Nhân Trí Việt</subfield>
   <subfield code="c">2014</subfield>
  </datafield>
  <datafield tag="300" ind1="#" ind2="#">
   <subfield code="a">1 CD</subfield>
   <subfield code="c">43/4 in.</subfield>
   <subfield code="e">sách</subfield>
  </datafield>
  <datafield tag="653" ind1="#" ind2="#">
   <subfield code="a">Anh ngữ thực hành</subfield>
  </datafield>
  <datafield tag="653" ind1="#" ind2="#">
   <subfield code="a">Bài tập</subfield>
  </datafield>
  <datafield tag="653" ind1="#" ind2="#">
   <subfield code="a">Kỹ năng nghe</subfield>
  </datafield>
  <datafield tag="653" ind1="#" ind2="#">
   <subfield code="a">Tiếng Anh</subfield>
  </datafield>
  <datafield tag="653" ind1="#" ind2="#">
   <subfield code="a">Tự học</subfield>
  </datafield>
  <datafield tag="852" ind1="#" ind2="#">
   <subfield code="b">Kho đa phương tiện</subfield>
   <subfield code="j">DPT.0002788, DPT.0002789, DPT.0002790, DPT.0002791, DPT.0002792, DPT.0002793, DPT.0002794, DPT.0002795, DPT.0002796, DPT.0002797, DPT.0002798, DPT.0002799</subfield>
  </datafield>
  <datafield tag="852" ind1="#" ind2="#">
   <subfield code="j">DPT.0002790</subfield>
   <subfield code="j">DPT.0002791</subfield>
   <subfield code="j">DPT.0002793</subfield>
   <subfield code="j">DPT.0002794</subfield>
   <subfield code="j">DPT.0002798</subfield>
   <subfield code="j">DPT.0002799</subfield>
   <subfield code="j">DPT.0002789</subfield>
   <subfield code="j">DPT.0002792</subfield>
   <subfield code="j">DPT.0002797</subfield>
   <subfield code="j">DPT.0002795</subfield>
   <subfield code="j">DPT.0002796</subfield>
   <subfield code="j">DPT.0004273</subfield>
  </datafield>
  <datafield tag="910" ind1="#" ind2="#">
   <subfield code="d">26/12/2014</subfield>
  </datafield>
  <datafield tag="980" ind1="#" ind2="#">
   <subfield code="a">Trung tâm Học liệu Lê Vũ Hùng, Trường Đại học Đồng Tháp</subfield>
  </datafield>
 </record>
</collection>
